Grandma tell me a Story / (Record no. 85204)
[ view plain ]
| 000 -LEADER | |
|---|---|
| fixed length control field | 00813nam a22002297a 4500 |
| 005 - DATE AND TIME OF LATEST TRANSACTION | |
| control field | 20140620122733.0 |
| 010 ## - LCCN (DPL NO) | |
| LC control number | B-507720-753 |
| 020 ## - INTERNATIONAL STANDARD BOOK NUMBER | |
| International Standard Book Number | 8130403218 |
| Terms of availability | 160.00 |
| 020 ## - INTERNATIONAL STANDARD BOOK NUMBER | |
| International Standard Book Number | 9788130403212 |
| Terms of availability | 160.00 |
| 035 ## - SYSTEM CONTROL NUMBER | |
| System control number | B-507720-753 |
| 037 ## - SOURCE OF ACQUISITION | |
| Source of stock number/acquisition | UBH/Ven |
| 082 ## - DEWEY DECIMAL CLASSIFICATION NUMBER | |
| Classification number | S |
| 100 ## - MAIN ENTRY--PERSONAL NAME | |
| Personal name | Sam, Uncle |
| 245 ## - TITLE STATEMENT | |
| Title | Grandma tell me a Story / |
| Statement of responsibility, etc | by Uncle Sam; edited by Shyam Dua; illustrated by Tulika |
| 260 ## - PUBLICATION, DISTRIBUTION, ETC. (IMPRINT) | |
| Place of publication, distribution, etc | Delhi |
| Name of publisher, distributor, etc | Tiny Tot Publications |
| Date of publication, distribution, etc | 2012 |
| 270 ## - ADDRESS | |
| Address | 235, Jagriti Enclave , Vikas Marg |
| City | Delhi |
| Postal code | 110092 |
| Telephone number | 22167314, 22163582 |
| Fax number | 91-11-22143023 |
| Electronic mail address | tinytotpub@hotmail.com |
| 300 ## - PHYSICAL DESCRIPTION | |
| Extent | 160 p. : |
| Other physical details | col. photos |
| Dimensions | 25cm(Hb) |
| 700 ## - ADDED ENTRY--PERSONAL NAME | |
| Personal name | Dua,Shyam |
| 9 (RLIN) | 54572 |
| 700 ## - ADDED ENTRY--PERSONAL NAME | |
| Personal name | Tulika |
| 9 (RLIN) | 54573 |
| 942 ## - ADDED ENTRY ELEMENTS (KOHA) | |
| Source of classification or shelving scheme | Dewey Decimal Classification |
| Item type | Children Books |
| Classification part | S |
| Call number suffix | SAM |
No items available.
